Memahami penyata kewangan : Panduan untuk pembaca yang tidak mempunyai pengetahuan kewangan

Bibliographic Details
Main Author: Gill, James O. (Author)
Format: Book
Language:Malay
Published: Johor Bharu : Penerbitan Pelangi Sdn. Bhd. 1994
Subjects:

MARC

LEADER 00000cam a2200000 7i4500
001 0000002802
005 20240926.0
008 991201 my a may
020 |a 9835003890 
040 |a INS   |b eng   |e rda 
090 0 0 |a HF5681.B2   |b G498 1994 
100 1 |a Gill, James O. ,   |e author 
245 1 0 |a Memahami penyata kewangan :   |b Panduan untuk pembaca yang tidak mempunyai pengetahuan kewangan   |c James O. Gill 
264 1 |a Johor Bharu :   |b Penerbitan Pelangi Sdn. Bhd.   |c 1994 
300 |a 122 pages :   |b illustrations ;   |c 26 cm. 
336 |a text  |2 rdacontent 
337 |a unmediated  |2 rdamedia 
338 |a volume  |2 rdacarrier 
650 0 |a Financial statement 
999 |a 0000005722   |b BOOK   |c Open Shelf   |e Default branch